000 00305nam a2200109Ia 4500
008 171211s9999 xx 000 0 und d
245 _aLeadership Chronicles of a Corporate Sage
245 _cSusan Bethanis
260 _c2004
650 _xBUSINESS
856 _uhttp://down.ebook777.com/063/079318603X.pdf
999 _c349470
_d349470